00734nam a2200217 i 4500001000300000100002000003245008300023260006700106650002700173700002300200700002400223040000800247041000800255080000700263080001000270942000700280008004100287999001700328856009800345952007300443bg1 aJawetz, Ernest.10aPrzegląd mikrobiologii lekarskiej /cE. Jawetz, J.L. Melnick, E.A. Adelberg. aWarszawa :bPaństwowe Zakłady Wydawnictw Lekarskich,c1991. 4aMikrobiologia lekarska1 aMelnick, Joseph L.1 aAdelberg, Edward A. cBPK apol a61 a576.8 cKS s pl f |000 0 pol  c29440d29440 uhttp://koha.tu.koszalin.pl/cgi-bin/koha/opac-detail.pl?biblionumber=29440yKatalog online BPK 00104070aBPKbBPKcwo35609p01214598q2027-05-13s2026-05-13yKS